20 premiers pays européens par PIB nominal - Statistiques

Statistiques générales
  • Ce quiz a été pris 286 fois
  • Le résultat moyen est 11 sur 16
Statistiques - réponses
Hint Réponse % Correct
3997 Md Allemagne
100%
2778 Md France
95%
2825 Md Royaume-Uni
95%
2074 Md Italie
93%
1426 Md Espagne
85%
1658 Md Russie
82%
913 Md Pays Bas
77%
706 Md Suisse
70%
551 Md Suède
68%
586 Md Pologne
66%
532 Md Belgique
61%
456 Md Autriche
55%
435 Md Norvège
55%
376 Md Irlande
44%
276 Md Finlande
43%
351 Md Danemark
41%
Aucun quiz correspondant
Distribution des résultats
% des personnes avec chaque résultat
Percentile par nombre de réponses
Votre historique - résultats
Vous n’avez pas pris ce quiz